000 00274nam a2200121 a 4500
008 101208s1976|||| d
100 1 _aUrbanová, Norma
245 1 0 _aJozef BendĂ­k
260 _bPallas
_aBratislava
_c1976
020 _c48
041 _aslo
044 _axo
_cSK
999 _c14895
_d14895